| 000 | 00747nam a2200241 a 4500 | ||
|---|---|---|---|
| 008 | |||
| 020 | _a0412013711 (hbk.) | ||
| 049 | _aMAIN | ||
| 090 |
_aQA276.4 _bTHI |
||
| 100 | 1 | _aThisted, Ronald A. | |
| 245 | 1 | 0 |
_aElements of statistical computing : _bnumerical computation / _cRonald A. Thisted. |
| 260 |
_aNew York : _bChapman and Hall, _c1988. |
||
| 300 |
_axx, 427 p. ; _c24 cm. |
||
| 504 | _aIncludes bibliographical references. | ||
| 500 | _aIncludes index. | ||
| 650 | 0 |
_aMathematical statistics _xData processing. |
|
| 740 | _aNumerical computation. | ||
| 907 |
_a.b10091002 _b08-05-12 _c20-10-03 |
||
| 003 | |||
| 005 | 20230123134133.0 | ||
| 040 | _cNUST | ||
| 942 |
_cBOOKS _kQA276.4 _mTHI |
||
| 999 |
_c160691 _d160691 |
||